header

Race in mind (Record no. 187568)

MARC details
000 -LEADER
fixed length control field 01762nam a2200313Ia 4500
100 1# - MAIN ENTRY--AUTHOR NAME
Personal name Alland, Alexander,
245 10 - TITLE STATEMENT
Title Race in mind
250 ## - EDITION STATEMENT
Edition statement 1st Palgrave Macmillan papberback ed.
260 ## - PUBLICATION, DISTRIBUTION, ETC. (IMPRINT)
Place of publication New York :
Name of publisher Palgrave Macmillan,
Year of publication 2004, c2002.
300 ## - PHYSICAL DESCRIPTION
Number of Pages 219 p.
650 #0 - SUBJECT ADDED ENTRY--TOPICAL TERM
Topical Term Race.
Topical Term Intelligence levels.
Topical Term Racism
856 40 - ELECTRONIC LOCATION AND ACCESS
Uniform Resource Identifier http://site.ebrary.com/lib/rucke/Doc?id=10135399

No items available.

© 2026 Rongo University
Contact us: librarian | system librarian | Rongo university